000 00397nam a2200157 i 4500
001 bg
100 1 _aBAŃKOWSKI, Jacek
245 0 _aWprowadzenie do informatyki /
_cJacek Bańkowski, Konrad Fiałkowski.
260 _aWarszawa,
_c1978.
700 1 _aFIAŁKOWSKI, Konrad
040 _cBPK
041 _apol
080 _a681.3(075.8)
942 _cKS
008 s pl f |000 0 pol
999 _c9393
_d9393
856 _uhttp://koha.tu.koszalin.pl/cgi-bin/koha/opac-detail.pl?biblionumber=9393
_yKatalog online BPK